000 00538nam a2200193 a 4500
001 BRCA_7155
005 20190320205730.0
008 110112s1910----gw-#######---#000-0#ger-#
041 _ager
044 _agw
050 4 _aPT2526 .S3
_bB13 1910
245 1 0 _aBuchholzens in Italien
_bReise-Abenteuer von Wilhelmine Buchhilz
_cHrsg. von Julius Ernst Wilhelm Stinde.
260 _aBerlín
_bG. Grote´sche
_c1910
300 _axv, 168 p.
_c21 cm.
500 _aP44
650 1 4 _aLiteratura Alemana
_96160
902 _aGFM
942 _2lcc
_cB
999 _c6836
_d6836